000 00808nam a2200265 a 4500
001 15432
003 BD-RjUL
005 20211208235820.0
008 140210s1981 txua 001 0 eng
020 _a0256025460
035 _a(BD-RjUL)15486
040 _aDLC
_cDLC
_dDLC
_dBD-RjUL
_beng
041 _aeng
082 0 0 _a658.87
_219
_bMAF 1981
100 1 _aMason, Joseph Barry.
_947930
245 1 0 _aFoundations of retailing /
_cJ. Barry Mason and Morris L. Mayer.
260 _aDallas, Tex. ;
_bBusiness Publications ;
_aGeorgetown, Ont. :
_bIrwin-Dorsey,
_cc1981.
300 _axiii, 482 p. :
_bill. ;
_c25 cm.
504 _aIncludes index.
650 0 _aRetail trade
_xManagement.
_947931
700 1 _aMayer, Morris Lehman.
_947932
942 _2ddc
_cBK
999 _c15432
_d15432